| 000 | 00498ntaaa2200193 4500 | ||
|---|---|---|---|
| 003 | 01 | ||
| 005 | 20251027203000.0 | ||
| 008 | 0714s1973 ag 01 | ||
| 040 |
_aAR-BaBN _bspa _cAR-BaBN _eaacr _dRIC |
||
| 082 | _a982.0900 G91 | ||
| 100 |
_aGrosso, Alfredo _930781 |
||
| 245 | _aCurso de historia nacional | ||
| 250 | _a1 ed. | ||
| 260 |
_aBuenos Aires : _bGráficos Federico Rossi, _c1932 |
||
| 300 | _a482 p | ||
| 500 | _aHistoria de la Argentina | ||
| 650 | _aArgentina-historia | ||
| 942 | _cBK | ||
| 999 |
_c25223 _d25223 |
||